[Event "DC International"]
[Site "Arlington, VA"]
[Date "2013.06.27"]
[Round "1.4"]
[White "Panchanathan, Magesh"]
[Black "Maldonado, Oscar"]
[Result "1-0"]
[WhiteElo "2570"]
[BlackElo "2194"]
[PlyCount "79"]
[EventDate "2013.06.??"]
[EventType "swiss"]
[EventRounds "9"]
[EventCountry "USA"]
[SourceDate "2013.06.27"]

1. e4 c5 2. Nf3 d6 3. d4 cxd4 4. Nxd4 Nf6 5. Nc3 e5 6. Nb3 Be7 7. Be2 O-O 8.
O-O a5 9. Bg5 a4 10. Nd2 a3 11. b3 Qa5 12. Bxf6 Bxf6 13. Nd5 Bd8 14. Nc4 Qc5
15. b4 Qc6 16. c3 Be6 17. Nxd6 Kh8 18. Nc4 Nd7 19. Qb3 f5 20. Nxa3 fxe4 21. c4
Qa4 22. Qxa4 Rxa4 23. Nc2 Bxd5 24. cxd5 Nf6 25. Bc4 Bb6 26. h3 Raa8 27. Rad1
Rac8 28. Bb3 Nh5 29. Rd2 Nf4 30. Kh2 Rc3 31. Ne1 Rf6 32. d6 Rh6 33. d7 Bd8 34.
Rc2 Rhc6 35. g3 Nd3 36. Nxd3 Rxd3 37. Rxc6 bxc6 38. Rd1 h5 39. Rxd3 exd3 40. a4
1-0

[Event "DC International"]
[Site "Arlington, VA"]
[Date "2013.06.27"]
[Round "1.9"]
[White "Bowersock, Michael"]
[Black "Cheng, Bindi"]
[Result "0-1"]
[WhiteElo "2124"]
[BlackElo "2406"]
[PlyCount "82"]
[EventDate "2013.06.??"]
[EventType "swiss"]
[EventRounds "9"]
[EventCountry "USA"]
[SourceDate "2013.06.27"]

1. e4 c5 2. Nf3 d6 3. d4 cxd4 4. Nxd4 Nf6 5. Nc3 a6 6. Be2 e6 7. O-O Be7 8. a4
Nc6 9. Be3 O-O 10. f4 Qc7 11. Kh1 Re8 12. Bf3 Na5 13. Qe1 Nc4 14. Bc1 e5 15.
Nde2 Qc5 16. Qg3 Bf8 17. fxe5 Nxe5 18. Nf4 Be6 19. Nd3 Qa5 20. Nxe5 dxe5 21.
Bg5 Nd7 22. Bg4 Qc7 23. Bxe6 fxe6 24. Rf3 Bb4 25. Na2 a5 26. Nc3 Nf8 27. Rd1
Ng6 28. Rfd3 Rf8 29. h4 Rf7 30. h5 Nf4 31. Bxf4 exf4 32. Qg4 Re8 33. Ne2 Qe5
34. Rd7 Ref8 35. Rxf7 Rxf7 36. c3 Bd6 37. Qf3 Rf6 38. Kg1 Rh6 39. Kf1 Rxh5 40.
g3 fxg3 41. Rxd6 g2+ 0-1

[Event "DC International"]
[Site "Arlington, VA"]
[Date "2013.06.27"]
[Round "1.10"]
[White "Cornejo, Max"]
[Black "Clancy, Daniel"]
[Result "1/2-1/2"]
[WhiteElo "2395"]
[BlackElo "2115"]
[PlyCount "89"]
[EventDate "2013.06.??"]
[EventType "swiss"]
[EventRounds "9"]
[EventCountry "USA"]
[SourceDate "2013.06.27"]

1. e4 e5 2. Nf3 Nc6 3. Nc3 Nf6 4. a3 g6 5. d4 exd4 6. Nxd4 Bg7 7. Nde2 O-O 8.
g3 Re8 9. Bg2 d6 10. O-O Bg4 11. f3 Be6 12. Bg5 h6 13. Bxf6 Qxf6 14. Rb1 Nd4
15. Nf4 Bc4 16. Rf2 c6 17. Bf1 Bxf1 18. Kxf1 Rad8 19. Kg2 Ne6 20. Nce2 Nxf4+
21. Nxf4 Qe7 22. Re2 h5 23. Nd3 d5 24. e5 Qc7 25. f4 c5 26. Nf2 Qc6 27. Re1 f6
28. exf6 Rxe1 29. Qxe1 Bxf6 30. Qe2 Re8 31. Qf3 Bd4 32. c3 Re3 33. Qd1 Bg7 34.
Kf1 Qa6+ 35. Kg1 Qe6 36. Qb3 b6 37. Rd1 d4 38. Qxe6+ Rxe6 39. cxd4 Bxd4 40. Rd2
Re3 41. Kg2 Rb3 42. Nd1 Kf7 43. Re2 Rd3 44. Nf2 Rb3 45. Nd1 1/2-1/2

[Event "DC International"]
[Site "Arlington, VA"]
[Date "2013.06.27"]
[Round "1.14"]
[White "Panchanatham, Vignesh"]
[Black "Jayakumar, Adarsh"]
[Result "1/2-1/2"]
[WhiteElo "2069"]
[BlackElo "2340"]
[PlyCount "87"]
[EventDate "2013.06.??"]
[EventType "swiss"]
[EventRounds "9"]
[EventCountry "USA"]
[SourceDate "2013.06.27"]

1. e4 c5 2. Nf3 d6 3. d4 cxd4 4. Nxd4 Nf6 5. Nc3 a6 6. Be3 e6 7. f3 b5 8. Qd2
b4 9. Nce2 e5 10. Nb3 Nc6 11. g4 h6 12. Ng3 d5 13. exd5 Nxd5 14. Bc5 Bxc5 15.
Nxc5 Nd4 16. O-O-O Qa5 17. Qe1 f6 18. Rxd4 Qxc5 19. Rc4 Qa5 20. Qe4 Be6 21. Rc6
Bf7 22. Nf5 Qxa2 23. Nd6+ Kd7 24. Nxf7 Kxc6 25. Bc4 Qa1+ 26. Kd2 Qa5 27. Ra1
Qc5 28. Nxh8 Rxh8 29. Rxa6+ Kc7 30. Bxd5 Rd8 31. Ke2 Rxd5 32. Ra7+ Qxa7 33.
Qxd5 Qa6+ 34. Ke3 Qc6 35. Qxc6+ Kxc6 36. Ke4 g6 37. h4 Kd6 38. c3 bxc3 39. bxc3
Ke6 40. c4 f5+ 41. Kd3 h5 42. gxf5+ gxf5 43. Kc3 Kd6 44. Kb4 1/2-1/2

[Event "DC International"]
[Site "Arlington, VA"]
[Date "2013.06.27"]
[Round "1.19"]
[White "Balasubramanian, Adithya"]
[Black "Obiamiwe, Paul"]
[Result "1-0"]
[WhiteElo "2298"]
[BlackElo "1987"]
[PlyCount "81"]
[EventDate "2013.06.??"]
[EventType "swiss"]
[EventRounds "9"]
[EventCountry "USA"]
[SourceDate "2013.06.27"]

1. e4 e5 2. Nf3 Nc6 3. Bc4 Bc5 4. c3 Nf6 5. d4 exd4 6. cxd4 Bb4+ 7. Bd2 Bxd2+
8. Nbxd2 d5 9. exd5 Nxd5 10. Qb3 Na5 11. Qa4+ c6 12. Bxd5 Qxd5 13. O-O O-O 14.
Rfc1 b6 15. b4 Nb7 16. Qxc6 Be6 17. Nf1 Rfc8 18. Qxd5 Bxd5 19. a4 Bxf3 20. gxf3
Nd6 21. Ne3 Kf8 22. Kf1 Ke7 23. Ke2 Ke6 24. Kd3 g6 25. a5 Kd7 26. Nd5 bxa5 27.
Rxc8 Kxc8 28. Rxa5 Kb7 29. Rc5 Rc8 30. Nc3 Re8 31. Ne4 Re6 32. d5 Nxe4 33. fxe4
Re7 34. d6 Rd7 35. e5 g5 36. Ke4 f6 37. Kf5 fxe5 38. Ke6 Rd8 39. d7 Rg8 40. Kf7
Rd8 41. Ke7 1-0

[Event "DC International"]
[Site "Arlington, VA"]
[Date "2013.06.27"]
[Round "1.27"]
[White "Ulrich, Rachel"]
[Black "Aaron, Deepak"]
[Result "0-1"]
[WhiteElo "1902"]
[BlackElo "2252"]
[PlyCount "82"]
[EventDate "2013.06.??"]
[EventType "swiss"]
[EventRounds "9"]
[EventCountry "USA"]
[SourceDate "2013.06.27"]

1. e4 e5 2. Nf3 Nc6 3. Bb5 a6 4. Ba4 Nf6 5. O-O b5 6. Bb3 Bc5 7. Re1 d6 8. c3
O-O 9. d4 Bb6 10. h3 h6 11. Bc2 Bb7 12. d5 Ne7 13. Nbd2 Ng6 14. Nf1 c6 15. dxc6
Bxc6 16. Ng3 Qc7 17. a4 Rad8 18. axb5 axb5 19. Qe2 Rfe8 20. Be3 Nf4 21. Qf1 d5
22. exd5 Bxd5 23. Qxb5 Rb8 24. Qa4 Bxe3 25. fxe3 Nxh3+ 26. gxh3 Bxf3 27. Ne4
Bxe4 28. Bxe4 Rxb2 29. Rac1 Qc8 30. Bg2 Qf5 31. Rf1 Qg5 32. Rc2 Qxe3+ 33. Kh1
Rxc2 34. Qxc2 Rc8 35. Rf3 Qe1+ 36. Kh2 e4 37. Rg3 Rd8 38. Qa4 Qf2 39. Qc6 Qf4
40. Qc5 Rd3 41. Kh1 Rxg3 0-1

[Event "DC International"]
[Site "Arlington, VA"]
[Date "2013.06.27"]
[Round "2.1"]
[White "Shetty, Atulya"]
[Black "Negi, Parimarjan"]
[Result "1/2-1/2"]
[WhiteElo "2320"]
[BlackElo "2634"]
[PlyCount "74"]
[EventDate "2013.06.??"]
[EventType "swiss"]
[EventRounds "9"]
[EventCountry "USA"]
[SourceDate "2013.06.27"]

1. c4 g6 2. g3 Bg7 3. Bg2 c5 4. Nc3 Nc6 5. Nf3 d6 6. O-O e5 7. a3 a5 8. Rb1
Nge7 9. Ne1 Be6 10. d3 O-O 11. Nc2 d5 12. cxd5 Nxd5 13. Ne3 Nb6 14. Bd2 f5 15.
Nc4 Nxc4 16. dxc4 e4 17. Be3 Bxc4 18. Qa4 b5 19. Nxb5 Bxe2 20. Rfe1 Bd3 21.
Bxc5 Qd5 22. Nc7 Qxc5 23. Rbc1 Qd4 24. Qb3+ Kh8 25. Nxa8 Ne5 26. Nc7 Ng4 27.
Ne6 Qxf2+ 28. Kh1 f4 29. Rf1 Bxf1 30. Rxf1 Qa7 31. Nxf8 Nf2+ 32. Rxf2 Qxf2 33.
Nxg6+ hxg6 34. Qb8+ Kh7 35. Qxf4 Qe1+ 36. Qf1 Qxf1+ 37. Bxf1 Bxb2 1/2-1/2

[Event "DC International"]
[Site "Arlington, VA"]
[Date "2013.06.27"]
[Round "2.2"]
[White "Kaidanov, Gregory"]
[Black "Balasubramanian, Adithya"]
[Result "1-0"]
[WhiteElo "2577"]
[BlackElo "2298"]
[PlyCount "97"]
[EventDate "2013.06.??"]
[EventType "swiss"]
[EventRounds "9"]
[EventCountry "USA"]
[SourceDate "2013.06.27"]

1. c4 g6 2. d4 Nf6 3. Nc3 d5 4. e3 Bg7 5. cxd5 Nxd5 6. Nxd5 Qxd5 7. Ne2 c5 8.
Nc3 Qd8 9. d5 O-O 10. Be2 e6 11. e4 a6 12. Be3 b6 13. O-O exd5 14. Qxd5 Ra7 15.
Qxd8 Rxd8 16. Nd5 Be6 17. Bg5 Rf8 18. Nf6+ Kh8 19. f4 Nd7 20. e5 h6 21. Bh4 b5
22. a4 b4 23. Rfd1 Bxf6 24. exf6 Rc8 25. a5 c4 26. Rd4 Rac7 27. Be1 Rb8 28. f5
gxf5 29. Bg3 Rbc8 30. Bxc7 Rxc7 31. Rc1 Nxf6 32. b3 Ne4 33. Bxc4 Rc5 34. Ra1
Nc3 35. Bxa6 Bxb3 36. Rxb4 Ba2 37. Rb2 Rxa5 38. Bc4 Bxc4 39. Rxa5 Be6 40. Rf2
Nd5 41. Rd2 Nf6 42. Rd6 Ne4 43. Rxe6 fxe6 44. Re5 Kg7 45. Rxe6 Nf6 46. Kf2 Kf7
47. Ra6 Kg7 48. Kf3 Nh5 49. g4 1-0

[Event "DC International"]
[Site "Arlington, VA"]
[Date "2013.06.27"]
[Round "2.3"]
[White "Kleinman, Michael"]
[Black "Panchanathan, Magesh"]
[Result "0-1"]
[WhiteElo "2306"]
[BlackElo "2570"]
[PlyCount "74"]
[EventDate "2013.06.??"]
[EventType "swiss"]
[EventRounds "9"]
[EventCountry "USA"]
[SourceDate "2013.06.27"]

1. e4 e5 2. Nf3 Nc6 3. Bb5 a6 4. Ba4 Nf6 5. O-O Be7 6. Re1 b5 7. Bb3 d6 8. c3
O-O 9. h3 Nb8 10. d4 Nbd7 11. Nbd2 Bb7 12. Bc2 Re8 13. Nf1 Bf8 14. Ng3 g6 15.
b3 c6 16. a4 Qc7 17. Be3 Rac8 18. Bd3 Bg7 19. Qd2 Nf8 20. c4 bxc4 21. Bxc4 exd4
22. Bxd4 Ne6 23. Bc3 d5 24. Bf1 dxe4 25. Nxe4 Nxe4 26. Rxe4 c5 27. Ree1 Bxf3
28. gxf3 Rcd8 29. Qb2 Nd4 30. Bg2 Qf4 31. Rad1 Nxf3+ 32. Bxf3 Rxd1 33. Rxd1
Qxf3 34. Bxg7 Qxd1+ 35. Kh2 Qd6+ 36. Kg2 Qd5+ 37. Kh2 Re1 0-1

[Event "DC International"]
[Site "Arlington, VA"]
[Date "2013.06.27"]
[Round "2.4"]
[White "Holt, Conrad"]
[Black "Wang, Kevin"]
[Result "1-0"]
[WhiteElo "2531"]
[BlackElo "2282"]
[PlyCount "77"]
[EventDate "2013.06.??"]
[EventType "swiss"]
[EventRounds "9"]
[EventCountry "USA"]
[SourceDate "2013.06.27"]

1. d4 Nf6 2. c4 c5 3. d5 e6 4. Nc3 exd5 5. cxd5 d6 6. e4 g6 7. h3 Bg7 8. Nf3
O-O 9. Bd3 b5 10. Nxb5 Re8 11. Nd2 Nxd5 12. Nc4 Nb4 13. Ncxd6 Ba6 14. O-O Nxd3
15. Qxd3 Re6 16. Qd5 Nc6 17. a4 Nd4 18. Rd1 Rb8 19. Be3 Nc2 20. Bg5 Qf8 21.
Rab1 Nd4 22. Bh4 Rb6 23. Bg3 h5 24. Kh1 h4 25. Bh2 Bxb5 26. Nxb5 Nxb5 27. axb5
Rxb5 28. b3 Qe8 29. f3 Bd4 30. Bf4 Reb6 31. Rd3 a5 32. Rc1 Rb7 33. Kh2 Rb4 34.
Kh1 Qb5 35. Qd8+ Kg7 36. Rxd4 cxd4 37. Rc8 Qh5 38. Qf8+ Kf6 39. Rc6# 1-0

[Event "DC International"]
[Site "Arlington, VA"]
[Date "2013.06.27"]
[Round "2.5"]
[White "Sturt, Raven"]
[Black "Gerzhoy, Leonid"]
[Result "1/2-1/2"]
[WhiteElo "2279"]
[BlackElo "2469"]
[PlyCount "140"]
[EventDate "2013.06.??"]
[EventType "swiss"]
[EventRounds "9"]
[EventCountry "USA"]
[SourceDate "2013.06.27"]

1. d4 d5 2. c4 e6 3. Nf3 c6 4. e3 Bd6 5. Bd3 f5 6. O-O Nf6 7. b3 Qe7 8. Bb2 O-O
9. Qc1 dxc4 10. bxc4 c5 11. Nc3 Nbd7 12. d5 Ne5 13. Nxe5 Bxe5 14. f4 Bxc3 15.
Qxc3 exd5 16. cxd5 Nxd5 17. Bc4 Be6 18. Qe5 Nc7 19. Rfd1 Rae8 20. Bxe6+ Nxe6
21. Rd6 Qf7 22. Rad1 Ng5 23. Qd5 Qxd5 24. R1xd5 Nf7 25. Rd7 Rd8 26. Rxd8 Rxd8
27. Rxc5 Rd1+ 28. Kf2 Nd6 29. Rc2 b5 30. Ke2 Rg1 31. Kd3 a6 32. Kd4 Nc4 33. Bc1
Kf7 34. h3 h5 35. a4 Ke6 36. axb5 axb5 37. Kc5 Nd6 38. Bb2 g6 39. Be5 Nc4 40.
Bd4 Rb1 41. Ra2 Nd6 42. Ra1 Ne4+ 43. Kc6 Rxa1 44. Bxa1 Nd2 45. Bd4 b4 46. Kc5
b3 47. Bb2 Nf1 48. Kd4 Ng3 49. Kc4 Kd6 50. Kd4 Kc6 51. Kc4 h4 52. Kd4 Kb5 53.
Kc3 Ka4 54. Kd4 Kb4 55. Ke5 Kc4 56. Kf6 Nf1 57. Kxg6 Nxe3 58. Kg5 Kd3 59. Kxh4
Nxg2+ 60. Kg3 Ne3 61. h4 Nd5 62. h5 Ke4 63. h6 Nxf4 64. Kh4 Ng6+ 65. Kg5 Nf8
66. Bg7 f4 67. Bxf8 b2 68. h7 b1=Q 69. h8=Q Qg1+ 70. Kh6 Qh1+ 1/2-1/2

[Event "DC International"]
[Site "Arlington, VA"]
[Date "2013.06.27"]
[Round "2.6"]
[White "Sarkar, Justin"]
[Black "Mo, Kevin"]
[Result "1-0"]
[WhiteElo "2455"]
[BlackElo "2273"]
[PlyCount "53"]
[EventDate "2013.06.??"]
[EventType "swiss"]
[EventRounds "9"]
[EventCountry "USA"]
[SourceDate "2013.06.27"]

1. d4 d5 2. c4 c6 3. Nf3 Nf6 4. Nc3 e6 5. Bg5 h6 6. Bh4 g5 7. Bg3 dxc4 8. e4 b5
9. Be2 Bb7 10. Qc2 Nbd7 11. Rd1 Nh5 12. d5 cxd5 13. exd5 exd5 14. Nxd5 Nxg3 15.
hxg3 Bg7 16. Ne3 Qa5+ 17. Kf1 Nf6 18. Nf5 Kf8 19. Nd6 Qb6 20. Ne5 Qc7 21. Nexf7
Bd5 22. Rxd5 Nxd5 23. Qe4 Nb6 24. Qf5 Kg8 25. Qg6 Rf8 26. Nxh6+ Rxh6 27. Rxh6
1-0

[Event "DC International"]
[Site "Arlington, VA"]
[Date "2013.06.27"]
[Round "2.9"]
[White "Cheng, Bindi"]
[Black "Pressman, Leif"]
[Result "1-0"]
[WhiteElo "2406"]
[BlackElo "2240"]
[PlyCount "81"]
[EventDate "2013.06.??"]
[EventType "swiss"]
[EventRounds "9"]
[EventCountry "USA"]
[SourceDate "2013.06.27"]

1. d4 d5 2. c4 e5 3. dxe5 d4 4. Nf3 Nc6 5. a3 Nge7 6. b4 Ng6 7. Bb2 a5 8. b5
Ncxe5 9. Nxe5 Nxe5 10. e3 Be6 11. Bxd4 Nxc4 12. Nd2 Nd6 13. Bd3 Qg5 14. O-O Be7
15. Qe2 O-O 16. Rac1 Rac8 17. f4 Qg4 18. Rf3 f6 19. Qf1 Nf5 20. Bb2 Rfd8 21.
Ne4 Qh5 22. Nf2 Nh4 23. Rg3 Nf5 24. Rh3 Qf7 25. g4 Nh6 26. f5 Bd5 27. e4 Bb3
28. g5 fxg5 29. Rxh6 gxh6 30. Ng4 Qh5 31. h3 Qh4 32. Bc4+ Kf8 33. Bg7+ Ke8 34.
f6 Bxc4 35. Rxc4 Qg3+ 36. Kh1 Rd3 37. f7+ Kd8 38. f8=Q+ Bxf8 39. Qxf8+ Kd7 40.
Qf7+ Kd6 41. e5+ 1-0

[Event "DC International"]
[Site "Arlington, VA"]
[Date "2013.06.27"]
[Round "2.10"]
[White "Aaron, Deepak"]
[Black "Mandizha, Farai"]
[Result "1-0"]
[WhiteElo "2252"]
[BlackElo "2390"]
[PlyCount "101"]
[EventDate "2013.06.??"]
[EventType "swiss"]
[EventRounds "9"]
[EventCountry "USA"]
[SourceDate "2013.06.27"]

1. e4 e6 2. d4 d5 3. Nc3 Bb4 4. Nge2 Nc6 5. a3 Ba5 6. b4 Bb6 7. e5 f6 8. Na4
fxe5 9. dxe5 Qh4 10. Nxb6 axb6 11. Bb2 Nge7 12. Qd3 Rf8 13. g3 Qh5 14. f4 Bd7
15. Bg2 g5 16. O-O-O O-O-O 17. Kb1 Be8 18. g4 Qh6 19. fxg5 Qxg5 20. h4 Qxg4 21.
Bh3 Qg8 22. Rhg1 Bg6 23. Qd2 Qf7 24. Rdf1 Bf5 25. b5 Na5 26. Nd4 Nc4 27. Qh6
Ng8 28. Qc1 Nxb2 29. Nxf5 exf5 30. Rxf5 Qxf5 31. Bxf5+ Rxf5 32. Qxb2 Re8 33.
Qc3 Rh5 34. Rg7 Ne7 35. e6 d4 36. Qxd4 Rxb5+ 37. Kc1 Rd5 38. Qa4 Nc6 39. Qe4
Rc5 40. Qxh7 Rxe6 41. Rxc7+ Kb8 42. Rxb7+ Ka8 43. Ra7+ Nxa7 44. Qg8+ Kb7 45.
Qxe6 Nc6 46. Qe4 Kc7 47. Qf4+ Ne5 48. h5 Kd7 49. Qf6 Ke8 50. Qxb6 Rc6 51. Qb8+
1-0

[Event "DC International"]
[Site "Arlington, VA"]
[Date "2013.06.27"]
[Round "2.13"]
[White "Polgar-Shutzman, Tom"]
[Black "Bodek, Michael"]
[Result "0-1"]
[WhiteElo "2102"]
[BlackElo "2339"]
[PlyCount "86"]
[EventDate "2013.06.??"]
[EventType "swiss"]
[EventRounds "9"]
[EventCountry "USA"]
[SourceDate "2013.06.27"]

1. e4 c5 2. Nf3 d6 3. Bb5+ Nd7 4. d4 Ngf6 5. O-O a6 6. Bxd7+ Nxd7 7. c4 e6 8.
Nc3 Be7 9. b3 Bf6 10. Bb2 cxd4 11. Nxd4 O-O 12. Qd2 Qc7 13. Rfd1 Rd8 14. Rac1
b6 15. f3 Bb7 16. Nde2 Ne5 17. Qe3 Rab8 18. Ba3 Ba8 19. Rd2 Be7 20. Rcc2 Qb7
21. Nd4 Rbc8 22. Rd1 Bf8 23. Bb2 Qb8 24. Re2 Nc6 25. Nxc6 Bxc6 26. Qg5 b5 27.
cxb5 axb5 28. Red2 Qa7+ 29. Kh1 b4 30. Ne2 Qe7 31. Qg4 Ra8 32. Ng3 Ra5 33. f4
f6 34. Nh5 Kf7 35. e5 f5 36. exd6 Rxd6 37. Qg3 Rxd2 38. Rxd2 Rxa2 39. Qe3 Qc5
40. Qe1 Bd5 41. Qd1 Qe3 42. Ng3 Bxb3 43. Qc1 Be7 0-1

[Event "DC International"]
[Site "Arlington, VA"]
[Date "2013.06.27"]
[Round "2.14"]
[White "Akylbekov, Nasir"]
[Black "Wheeler, Cameron"]
[Result "1-0"]
[WhiteElo "2320"]
[BlackElo "2215"]
[PlyCount "107"]
[EventDate "2013.06.??"]
[EventType "swiss"]
[EventRounds "9"]
[EventCountry "USA"]
[SourceDate "2013.06.27"]

1. e4 e6 2. d4 d5 3. Nc3 Nf6 4. Bg5 Be7 5. e5 Nfd7 6. Bxe7 Qxe7 7. Nb5 Nb6 8.
c3 a6 9. Na3 c5 10. f4 Nc6 11. Nf3 cxd4 12. cxd4 Qb4+ 13. Qd2 Bd7 14. Bd3 Na4
15. Rb1 Rc8 16. Nc2 Qxd2+ 17. Kxd2 Na5 18. b3 Nc3 19. Ra1 Bb5 20. Rhc1 Ke7 21.
Bxb5 Ne4+ 22. Ke2 axb5 23. Nb4 Kd7 24. Nd2 Nxd2 25. Kxd2 Nc6 26. Nxc6 Rxc6 27.
Rxc6 Kxc6 28. Kc3 Rc8 29. a3 Kb6+ 30. Kb2 h5 31. Rf1 g6 32. Rf3 b4 33. axb4 Kb5
34. Rc3 Rxc3 35. Kxc3 Kc6 36. g3 Kb5 37. h3 Kc6 38. Kb2 Kb6 39. Ka2 Ka6 40. b5+
Kxb5 41. Ka3 Ka5 42. b4+ Ka6 43. Ka4 b6 44. b5+ Kb7 45. Kb4 Kc7 46. Kc3 Kd7 47.
Kd3 Ke7 48. Ke3 Kf8 49. Kf3 Kg7 50. g4 Kh6 51. Kg3 Kg7 52. gxh5 gxh5 53. f5 Kh6
54. Kf4 1-0

[Event "DC International"]
[Site "Arlington, VA"]
[Date "2013.06.27"]
[Round "2.16"]
[White "Nieto, Guillermo"]
[Black "Cornejo, Max"]
[Result "1/2-1/2"]
[WhiteElo "1949"]
[BlackElo "2395"]
[PlyCount "169"]
[EventDate "2013.06.??"]
[EventType "swiss"]
[EventRounds "9"]
[EventCountry "USA"]
[SourceDate "2013.06.27"]

1. e4 e5 2. Nf3 Nf6 3. Nxe5 d6 4. Nf3 Nxe4 5. Nc3 Nf6 6. d4 d5 7. Be2 Bb4 8.
O-O O-O 9. a3 Bxc3 10. bxc3 Ne4 11. c4 Nc3 12. Qd3 Nxe2+ 13. Qxe2 Re8 14. Qd3
dxc4 15. Qxc4 Be6 16. Qd3 Qd5 17. Bf4 Bf5 18. Qb3 Qxb3 19. cxb3 c6 20. Rfe1 Nd7
21. Ne5 Nb6 22. Nc4 Be6 23. Nxb6 axb6 24. b4 b5 25. h4 Red8 26. Be3 Rd7 27. f3
f6 28. Bf2 Kf7 29. Re3 h5 30. Rae1 Bd5 31. f4 f5 32. g3 b6 33. Rc3 Be4 34. Be3
Ra6 35. Bf2 Rd6 36. Kf1 Ke6 37. Bg1 Kd5 38. Bf2 Ra8 39. Ree3 Re6 40. Re1 Rae8
41. Be3 R6e7 42. Kg1 Bb1 43. Kf2 Ba2 44. Kf3 Bc4 45. Kf2 Ra7 46. Rd1 Re4 47.
Rd2 Ra6 48. Rd1 g6 49. Rd2 Kd6 50. Rd1 Bd5 51. Rdd3 Ra7 52. Rd1 Re8 53. Rdd3
Rea8 54. Bc1 Be4 55. Rd1 Rd7 56. Be3 Kc7 57. Rdc1 Rad8 58. Ke2 Bd5 59. Kf2 Re8
60. Rd1 Kb7 61. Rdc1 Ra8 62. Re1 Bc4 63. Rec1 Re7 64. Re1 Bd5 65. Bd2 Rxe1 66.
Kxe1 Kc7 67. Be3 Kd6 68. Bf2 Re8+ 69. Kd2 Bc4 70. Re3 Rxe3 71. Kxe3 Kd5 72. Be1
Bf1 73. Bf2 Bg2 74. Kd3 Be4+ 75. Ke3 Kc4 76. Kd2 Kb3 77. Be3 Bd5 78. Bf2 Kxa3
79. Kc3 Ka2 80. Bg1 Kb1 81. Be3 Bc4 82. Bd2 Bd5 83. Be3 Bc4 84. Bd2 Bd5 85. Be3
1/2-1/2

[Event "DC International"]
[Site "Arlington, VA"]
[Date "2013.06.27"]
[Round "2.17"]
[White "Jayakumar, Adarsh"]
[Black "Patel, Advait"]
[Result "1-0"]
[WhiteElo "2340"]
[BlackElo "1978"]
[PlyCount "75"]
[EventDate "2013.06.??"]
[EventType "swiss"]
[EventRounds "9"]
[EventCountry "USA"]
[SourceDate "2013.06.27"]

1. d4 Nf6 2. c4 g6 3. Nf3 Bg7 4. g3 O-O 5. Bg2 d6 6. O-O Nc6 7. Nc3 a6 8. h3
Rb8 9. e4 b5 10. cxb5 axb5 11. Re1 e5 12. d5 b4 13. Ne2 Ne7 14. Qc2 c6 15. dxc6
Rb6 16. c7 Qd7 17. Bg5 Rc6 18. Qa4 Qxc7 19. Qxb4 Rc4 20. Rac1 Rxb4 21. Rxc7 Re8
22. b3 h6 23. Bd2 Rxe4 24. Nh2 Ba6 25. Bxe4 Nxe4 26. Bc1 d5 27. Nf3 f5 28. Nd2
Nxd2 29. Bxd2 Bxe2 30. Rxe2 d4 31. a4 e4 32. a5 g5 33. a6 Nd5 34. Rc5 d3 35.
Re1 e3 36. Rxd5 exd2 37. Rxe8+ Kh7 38. Rxd3 1-0

[Event "DC International"]
[Site "Arlington, VA"]
[Date "2013.06.27"]
[Round "2.30"]
[White "Sinha, Sahil"]
[Black "Bowersock, Michael"]
[Result "0-1"]
[WhiteElo "1898"]
[BlackElo "2124"]
[PlyCount "104"]
[EventDate "2013.06.??"]
[EventType "swiss"]
[EventRounds "9"]
[EventCountry "USA"]
[SourceDate "2013.06.27"]

1. d4 Nf6 2. c4 e6 3. Nc3 Bb4 4. Qc2 O-O 5. a3 Bxc3+ 6. Qxc3 b6 7. Bg5 Ba6 8.
f3 d6 9. e3 Nbd7 10. Bd3 c5 11. Ne2 Rc8 12. Qc2 Qc7 13. Rc1 cxd4 14. exd4 Qb8
15. b4 h6 16. Bh4 Bxc4 17. Bxc4 d5 18. Qd3 dxc4 19. Rxc4 Rxc4 20. Qxc4 Rc8 21.
Qd3 Qc7 22. Kd2 Qd6 23. Qa6 Rc6 24. Qb5 Qc7 25. Qd3 Nh5 26. Qe4 f5 27. Qe3 Rc2+
28. Ke1 Qc4 29. g4 fxg4 30. fxg4 Nf4 31. Nxf4 Rc1+ 32. Kf2 Rxh1 33. Nd3 Rxh2+
34. Kg3 Rc2 35. Kf3 Rc3 36. Ke2 Qa2+ 37. Kf3 Qd5+ 38. Ke2 Rc2+ 39. Kd1 Qb3 40.
Be7 Nb8 41. g5 Rc7+ 42. Ke2 Rxe7 43. gxh6 Qc2+ 44. Ke1 Qc3+ 45. Ke2 Nc6 46.
hxg7 Nxd4+ 47. Kf1 Rf7+ 48. Kg2 Rf3 49. Qh6 Qc2+ 50. Nf2 Qxf2+ 51. Kh1 Qe1+ 52.
Kh2 Qe2+ 0-1

[Event "DC International"]
[Site "Arlington, VA"]
[Date "2013.06.28"]
[Round "3.2"]
[White "Panchanathan, Magesh"]
[Black "Liou, Yian"]
[Result "1/2-1/2"]
[WhiteElo "2570"]
[BlackElo "2385"]
[PlyCount "107"]
[EventDate "2013.06.??"]
[EventType "swiss"]
[EventRounds "9"]
[EventCountry "USA"]
[SourceDate "2013.06.27"]

1. e4 c5 2. Nf3 e6 3. d4 cxd4 4. Nxd4 a6 5. Bd3 Nf6 6. O-O Qc7 7. a4 Nc6 8.
Nxc6 dxc6 9. Be3 e5 10. h3 Be6 11. Nd2 Nd7 12. Bc4 Bxc4 13. Nxc4 Rd8 14. a5 Bc5
15. Qg4 g6 16. Bg5 f6 17. Bh6 Nf8 18. Rad1 Qf7 19. Rxd8+ Kxd8 20. Qf3 Nd7 21.
Qd3 Kc7 22. b4 Bxb4 23. Rb1 Bc5 24. Be3 Qe7 25. Qb3 Rb8 26. Nb6 Bxe3 27. fxe3
Nc5 28. Qb4 Qf8 29. Rd1 Rd8 30. Rxd8 Kxd8 31. Na4 Nd7 32. Qxb7 Qa3 33. Qxc6
Qxe3+ 34. Kf1 f5 35. exf5 gxf5 36. Qc4 e4 37. Qg8+ Kc7 38. Qc4+ Kd8 39. Qc3
Qc1+ 40. Ke2 Qg1 41. Qg3 Qd4 42. Qg8+ Kc7 43. Qb3 Qg1 44. Qg3+ Kc6 45. Qg8 Kd6
46. Nb2 f4 47. Nc4+ Kc7 48. Qg4 Qc1 49. c3 Qc2+ 50. Nd2 Qd3+ 51. Ke1 Qe3+ 52.
Kd1 Qg1+ 53. Ke2 Qe3+ 54. Kd1 1/2-1/2

[Event "DC International"]
[Site "Arlington, VA"]
[Date "2013.06.28"]
[Round "3.4"]
[White "Akylbekov, Nasir"]
[Black "Sarkar, Justin"]
[Result "0-1"]
[WhiteElo "2320"]
[BlackElo "2455"]
[PlyCount "64"]
[EventDate "2013.06.??"]
[EventType "swiss"]
[EventRounds "9"]
[EventCountry "USA"]
[SourceDate "2013.06.27"]

1. e4 c6 2. d4 d5 3. exd5 cxd5 4. c4 Nf6 5. Nc3 Nc6 6. Bg5 dxc4 7. d5 Ne5 8.
Qd4 h6 9. Bf4 Ng6 10. Bg3 e5 11. Bxe5 Nxe5 12. Qxe5+ Be7 13. O-O-O Ng4 14. Qe1
O-O 15. h3 Re8 16. Qd2 Ne5 17. Nf3 Nxf3 18. gxf3 Bf5 19. Bxc4 Qc7 20. d6 Qxc4
21. dxe7 Rac8 22. Qd5 Qf4+ 23. Qd2 Qxf3 24. Rhe1 Qxh3 25. Re3 Qh4 26. Qe2 Qg5
27. Rd2 Rc7 28. f4 Qxf4 29. Qb5 Rexe7 30. Rxe7 Rxe7 31. Qd5 Re1+ 32. Nd1 Qc7+
0-1

[Event "DC International"]
[Site "Arlington, VA"]
[Date "2013.06.28"]
[Round "3.5"]
[White "Aaron, Deepak"]
[Black "Enkhbat, Tegshsuren"]
[Result "0-1"]
[WhiteElo "2252"]
[BlackElo "2426"]
[PlyCount "66"]
[EventDate "2013.06.??"]
[EventType "swiss"]
[EventRounds "9"]
[EventCountry "USA"]
[SourceDate "2013.06.27"]

1. e4 c6 2. d4 d5 3. exd5 cxd5 4. c4 Nf6 5. Nc3 Nc6 6. Bg5 dxc4 7. d5 Ne5 8.
Qd4 h6 9. Bh4 Ng6 10. Bg3 e6 11. O-O-O Nxd5 12. Bxc4 Be7 13. Bxd5 exd5 14. Qxg7
Be6 15. Qd4 Bf6 16. Qa4+ Kf8 17. Nge2 Qb6 18. Nd4 Rc8 19. Nxe6+ fxe6 20. Qd7
Rc6 21. Rd3 d4 22. Rf3 e5 23. Rd1 dxc3 24. Rxc3 Ne7 25. Rxc6 Qxc6+ 26. Qxc6
bxc6 27. Rd7 h5 28. f4 h4 29. Bf2 exf4 30. Rxa7 Kf7 31. Bc5 Rg8 32. a4 Rxg2 33.
a5 f3 0-1